Analizar la nueva fábrica de las políticas públicas : pluralización, territorialización, participación /

Bibliographic Details
Other Authors: Massardier, Gilles (Editor), Ugalde, Vicente (Editor)
Format: Electronic eBook
Language:Spanish
Published: Ciudad de México, México : El Colegio de México, 2024.
Edition:Primera edición electrónica.
Subjects:
Online Access:Digitalia Hispánica

MARC

LEADER 00000nam a2200000Ii 4500
001 DIGCOLMX0563
003 NyNyDIG
006 m o d
007 cr |||||||||||
008 250402s2024 mx a ob 000 0 spa d
035 |a (OCoLC)1464024237 
040 |a DGITA  |b eng  |e rda  |e pn  |c DGITA 
020 |a 9786075646299  |q electrónico 
020 |z 9786075645629  |q impreso 
043 |a cl----- 
050 1 4 |a JL959.5.P64 ebook 
245 0 0 |a Analizar la nueva fábrica de las políticas públicas :  |b pluralización, territorialización, participación /  |c Gilles Massardier y Vicente Ugalde (editores). 
250 |a Primera edición electrónica. 
264 1 |a Ciudad de México, México :  |b El Colegio de México,  |c 2024. 
300 |a 1 online resource :  |b illustrations. 
336 |a text  |b txt  |2 rdacontent 
337 |a computer  |b c  |2 rdamedia 
338 |a online resource  |b cr  |2 rdacarrier 
347 |a text file  |2 rdaft 
347 |b EPUB 
504 |a Includes bibliographical references. 
588 0 |a Online resource; title from ePub title page (Digitalia, viewed April 2, 2025) 
650 0 |a Political planning  |z Latin America. 
651 0 |a Latin America  |x Social policy. 
700 1 |a Massardier, Gilles,  |e editor. 
700 1 |a Ugalde, Vicente,  |e editor. 
776 0 8 |i Print version:  |t Analizar la nueva fábrica de las políticas públicas.  |b Primera edición impresa.  |d Ciudad de México, México : El Colegio de México, 2023  |z 9786075645629 
791 2 |a Digitalia (Firm),  |e distributor. 
793 0 |g Digitalia eBook Collection:  |a El Colegio de México 
856 4 0 |3 Digitalia Hispánica  |u https://www.digitaliapublishing.com/a/171405/ 
910 |a Premium collection: 2025